دراسة حالة المرأة الريفية المصرية : (رقم التسجيلة. 5917)

تفاصيل مارك
000 -LEADER
fixed length control field 00709nam a22001817a 4500
005 - DATE AND TIME OF LATEST TRANSACTION
control field 20251108164205.0
008 - FIXED-LENGTH DATA ELEMENTS--GENERAL INFORMATION
fixed length control field 250721s1988 xx 000 0 ara d
082 14 - DEWEY DECIMAL CLASSIFICATION NUMBER
Classification number 301,4120962/لجن
245 10 - TITLE STATEMENT
Title دراسة حالة المرأة الريفية المصرية :
Remainder of title تقييم دورها و مكانتها و برامجها التدريبية ؛ بحث ميداني /
264 1# - PRODUCTION, PUBLICATION, DISTRIBUTION, MANUFACTURE, AND COPYRIGHT NOTICE
Place of production, publication, distribution, manufacture بغداد :
Name of producer, publisher, distributor, manufacturer اللجنة،
Date of production, publication, distribution, manufacture, or copyright notice 1988.
300 ## - PHYSICAL DESCRIPTION
Extent 118ص
490 0# - SERIES STATEMENT
Series statement دراسات عن المراة العربية في التنمية ؛ 14
650 17 - SUBJECT ADDED ENTRY--TOPICAL TERM
Topical term or geographic name as entry element المرأة
650 17 - SUBJECT ADDED ENTRY--TOPICAL TERM
Topical term or geographic name as entry element مصر
710 2# - ADDED ENTRY--CORPORATE NAME
Corporate name or jurisdiction name as entry element اللجنة الأقتصادية والأجتماعية لغربي آسيا
942 ## - ADDED ENTRY ELEMENTS (KOHA)
Source of classification or shelving scheme Dewey Decimal Classification
Koha item type كتب
المقتنيات
حالة السحب حالة الفقدان مصدر التصنيف حالة التلف غير قابل للإعارة المكتبة الرئيسية المكتبة الحالية موقع الرف تاريخ التزويد الرقم المتسلسل Total Checkouts رقم الإستدعاء تاريخ آخر ظهور تاريخ الفاتورة نوع المادة (كوها)
    Dewey Decimal Classification Unchecked   مكتبة النصر العامة مكتبة النصر العامة الإعارة 06/07/2004 997   301,4120962/لجن 28/07/2025 06/07/2004 كتب
Implemented & Customized by: BBB with SCIT (Smart Chains for Information Technology)

Powered by Koha